Politika: vec verejná, ale tak trochu špinavá každý škandál vo vládnej koalícii sa ...

Bibliographic Details
Main Author: Vavro, Peter (Author)
Format: Article
Language:Slovak
PhysicalDescription:Fotogr.
Subjects:

MARC

LEADER 00000nab a2200000 a 4500
001 vtls000744298
003 SK-MaSNL
005 20260303184003.0
008 180206c2001 xo 0 slo
015 |a SNBRB2001/01-02167 
035 |a CLN000096135 
040 |a SNKBUCL  |b slo  |c SNKBUCL  |e AACR2 
041 0 |a slo 
044 |a xo  |c SK 
080 |a 329.14(437.6)SDĽ  |2 UDC-MRF-SK2 
100 1 |a Vavro, Peter  |4 aut  |9 276044 
245 1 0 |a Politika: vec verejná, ale tak trochu špinavá  |b každý škandál vo vládnej koalícii sa ...  |c Peter Vavro 
300 |b Fotogr. 
610 2 7 |a Strana demokratickej ľavice  |2 snkbucl  |9 165260 
655 7 |a články z novín a časopisov  |2 snkbucl  |9 267496 
773 0 |t Národná obroda  |g Roč. 12, č. 7 (10.1.2001), s. 5 
850 |a Slovenská národná knižnica v Martine 
852 |a SNK  |b KIS3GCP 
958 |a RBX 
999 |c 2124151  |d 2126081